000 00756nam a2200229 a 4500
005 20250619063852.0
008 040921s2002 mx r 000 0 spa d
020 _a9702909724
035 _aUPN01000134756
049 _aCG
050 4 _aLB1060
_bC6.4
245 0 3 _aLa comprensión del cerebro :
_bhacia una nueva ciencia del aprendizaje /
_ccoord. Carlos Ornelas ; tr. Sergio Bojalil Parra.
260 _aMéxico :
_bAula XXI :
_bOCDE,
_cc2002.
300 _a167 p.
534 _pTraducción de:
_tUnderstanding the brain : towards a new learning science
650 4 _aAprendizaje
_92861
650 2 _aNeurociencias
_915751
650 2 _aNeurología
_915960
650 4 _aCerebro
_95053
700 1 _aOrnelas, Carlos
_ecoord.
_935818
905 _aLibro
999 _c106907
_d106907